Św. Maksymilian Maria Kolbe o masonerii i Żydach

Titel: Św. Maksymilian Maria Kolbe o masonerii i Żydach / wyboru i oprac. dok. Stanisław Krajski
Beteiligt:
Veröffentlicht: Krzeszowice : Dom Wyd. Ostoja, 1998
Umfang: 63 S.
Format: Buch
Sprache: Polnisch
ISBN: 8390911620
Buchumschlag
X
alg: 21691266
001A    $03019:19-10-09 
001B    $01999:16-09-15 $t10:03:16.000 
001C    $03004:08-09-15 $t15:39:07.000 
001D    $03019:19-10-09 
001U    $0utf8 
001X    $00 
002@    $0Aax 
003@    $0216912660 
003O    $042277435 $aOCoLC 
004A    $083-909116-2-0 
007A    $0216912660 $aHEB 
007G    $0DE020C93D8BFCBEEFB6A5C1257EC100394D47 
007T    $0DPIds123/026857 
009P    $qapplication/pdf $A2 $3Inhaltsverzeichnis $uhttp://scans.hebis.de/HEBCGI/show.pl?21691266_toc.pdf $mV:DE-603;B:DE-Mb50 
010@    $apol 
011@    $a1998 
021A    $aŚw. Maksymilian Maria Kolbe o masonerii i Żydach $hwyboru i oprac. dok. Stanisław Krajski 
028C    $BHrsg. $#Krajsci, Stanisław $7 $8Krajski, Stanisław [Tnx] $9164270787 
033A    $pKrzeszowice $nDom Wyd. Ostoja 
034D    $a63 S. 

lok: 21691266 24

exp: 21691266 24 1 #EPN
201B/01 $008-09-15 $t15:42:52.000 
201C/01 $008-04-15 
201U/01 $0utf8 
203@/01 $0753075431 
208@/01 $a08-09-15 $bz 
209A/01 $a15.06745 $du $f050 $h15 06745 $x00 
209C/01 $a15.06745 K $h15 06745 K 
209G/01 $a73695392 $x00 
220C/01 $awal 
244Z/01 $#Kolbe, Rajmund Heiliger $#Kolbe, Raimund Heiliger $#Kolbe, Maksymilian Heiliger $#Kolbe, Maximiliano Heiliger $#Kolbe, Massimiliano Heiliger $#Kolbe, Maximilian M. Heiliger $#Kolbe, Maksymiljan M-a Heiliger $#Kolbe, Maximilian Saint $#Kolbe, Maximilian Ojciec, Heiliger $#Kolbe, Maximilian O., Heiliger $#O. Kolbe  $#O. Maksymiljan M-a Kolbe  $#Kolbe, Maksymilian $711856479X $8--Tp1--Kolbe, Maksymilian Maria$lHeiliger$Z1894-1941 $x01 $9086905821 
247C/01 $8358050-7 Marburg, Bibliothek des Herder-Instituts Marburg $9102600961 

lok: 21691266 66

exp: 21691266 66 1 #EPN
201B/01 $019-10-09 $t19:31:02.000 
201U/01 $0utf8 
203@/01 $0583227597 
208@/01 $a15-10-09 $br 
209A/01 $aRe Kolb/Kr $du $f000 $x00 
209C/01 $a99/g1417ZS 
247C/01 $8618123-5 Darmstadt, Bibliothek des Deutschen Polen-Instituts $9102600902
LEADER 00000cam a22000002c 4500
001 216912660
003 DE-603
005 20150916100316.0
007 tu
008 091019s1998 xx |||| | u00||u|pol c
020 |a 8390911620 
035 |a (DE-599)HEB216912660 
035 |a (OCoLC)42277435 
040 |a DE-603  |b ger  |c DE-603  |d DE-603 
041 |a pol 
245 0 0 |a Św. Maksymilian Maria Kolbe o masonerii i Żydach  |c wyboru i oprac. dok. Stanisław Krajski 
264 1 |a Krzeszowice  |b Dom Wyd. Ostoja  |c 1998 
300 |a 63 S. 
700 1 |a Krajski, Stanisław  |e Hrsg.  |4 edt  |0 (DE-603)164270787 
856 4 2 |m V:DE-603;B:DE-Mb50  |q application/pdf  |u http://scans.hebis.de/HEBCGI/show.pl?21691266_toc.pdf  |3 Inhaltsverzeichnis 
924 0 |9 Mb 50  |a (DE-603)753075431  |b DE-Mb50  |c HES  |d c  |g 15.06745 
924 0 |9 Ds 123  |a (DE-603)583227597  |b DE-Ds123  |c HES  |d d  |g Re Kolb/Kr